000 00700nam a2200205Ia 4500
005 20241216011306.0
008 190429s9999||||xx |||||||||||||| ||und||
082 _a669
_bS21
100 _aSANCHEZ CORDOVA RODOLFO ERNESTO
245 0 _aANALISIS DE RENTABILIDAD ECONOMICA PARA LA REACTIVACION DE LAS OPERACIONES METALURGICAS EN LA COMPAÑIA MINERA AMATISTA S.A. AREQUIPA
250 _a0
260 _aCERRO DE PASCO-PERU
_bUNDAC
_c1997
300 _a174 pag.
_c30 cm.
341 _h0
490 _v0
_a0
505 _aRENTABILIDAD ECONOMICA/UBICACION GEOGRAFICA/PROCESO TECNOLOG
541 _aD
_bSANCHEZ CORDOVA, RODOLFO
_d07-Mar-03
_oSoles
650 _aIngenieria Metalurgica
942 _cTESIS
999 _c37887
_d37887